JetPunk Users by Quote - Statistics

General Stats
  • This quiz has been taken 22 times
    4 since last reset
  • The average score is 2 of 16
Answer Stats
Quote User % Correct
"Sporcle has more ads per page then Quizmaster has levels" Wizzandy
50%
"Kidnapped the president of Nauru, bombed Belgium using HTML, and married myself: as easy as it sounds" BautyArg
25%
"Why does everyone misspell my name?" Capybarra
25%
"Ho ho ho, I am already awake my friend." Gademotsili99
25%
"If anyone is wishing her luck, it'd be me" LuckyCat
25%
"Whoever suggested those flags for North Korea and Nepal horrify me" Ptcairn
25%
"Death to all but JetPunk!" Sasqwolf
25%
"He rubbed cucumbers with salt, dipped them in water, and then started his own economy" AManwith3Ears
0%
"Nobody asks me if I'm mentally okay anymore because they already know the answer." Astana
0%
"Sweating geography is my favorite geography youtuber." HubertThePhoenix
0%
"UGH, you're disgusting. Who actually prefers light mode?" KiloNova
0%
"I don't like the name lol" Neodymium
0%
"Cyprus is in Africa." Nickelz
0%
"If you wanna live, then don't die" SalaamDi
0%
"This quiz makes me sad." SonyVondern
0%
"It's 2025? So what? It's still ugly. I'm not saying they're bad, but their flag is ugly." Tayger
0%
No matching quizzes found
Score Distribution
Percent of People with Each Score
Percentile by Number Answered
Your Score History
You have not taken this quiz since the last reset